|
|
|
|
| LEADER |
00000nam0a2200000 4500 |
| 001 |
234617 |
| 005 |
20231101231334.0 |
| 035 |
|
|
|a (RuTPU)RU\TPU\book\255742
|
| 090 |
|
|
|a 234617
|
| 100 |
|
|
|a 20130327d1930 k y0rusy50 ca
|
| 101 |
0 |
|
|a rus
|
| 102 |
|
|
|a RU
|
| 105 |
|
|
|a y z 001zy
|
| 200 |
1 |
|
|a Ванадий в некоторых осадочных породах
|e отдельные вопросы по его геохимии
|f Ф. Я. Аносов
|
| 210 |
|
|
|a Ленинград
|c Изд-во АН СССР
|d 1930
|
| 215 |
|
|
|a 79 с.
|
| 225 |
1 |
|
|a Комиссия по изучению естественных производительных сил союза
|v № 79
|
| 320 |
|
|
|a Библиогр. в примеч.
|
| 606 |
1 |
|
|a Ванадий
|x Химический анализ
|2 stltpush
|3 (RuTPU)RU\TPU\subj\2051
|9 30682
|
| 610 |
1 |
|
|a геохимия
|
| 610 |
1 |
|
|a концентрация
|
| 610 |
1 |
|
|a открытие
|
| 610 |
1 |
|
|a исследования
|
| 610 |
1 |
|
|a валентность
|
| 610 |
1 |
|
|a осадочные породы
|
| 610 |
1 |
|
|a карбонатные породы
|
| 610 |
1 |
|
|a битумы
|
| 610 |
1 |
|
|a глинистые породы
|
| 610 |
1 |
|
|a месторождения
|
| 675 |
|
|
|a 546.881
|v 3
|
| 700 |
|
1 |
|a Аносов
|b Ф. Я.
|
| 801 |
|
1 |
|a RU
|b 63413507
|c 20130327
|
| 801 |
|
2 |
|a RU
|b 63413507
|c 20130424
|g RCR
|
| 942 |
|
|
|c BK
|